01171 2200241 4500001002100000005001500021035002000036008004100056020001800097041000800115082001200123084001800135100002000153245005200173250001100225260003600236300003400272520051700306650002300823650003300846990002400879990002600903INLIS00000000000218020221018102658 a0010-0520002180221018 | | ind  a979-3249-70-6 aind a297.577 a297.577 FAR b0 aFarzaneh Samadi1 aBersahabat dengan Putri Anda /cFarzaneh Samadi acet. 1 aJakarta :bPustaka Zahra,c2004 a200 hlm. ; 20,5 cm ;c20,5 cm aMasa remaja merupakan fase yang indah sekaligus mengkhawatirkan dalam kehidupan manusia.Masa peralihan antara masa kanak-kanak dan dewasa.Sebuah tahapan yang penuh dengan perubahan,baik fisik maupin psikis,yang dihadapi oleh anak-anak.buku ini menjelaskan pengertian remaja dan baliq pada remaja putri,ciri-ciri fisik dan psikis mereka padamasa baliq,dan sisi lain yang berhubungan dengan masa ini.Buku ini juga memaparkan saran-saran bagi orang tua untuk dapat berinteraksi dengan baik dengan remaja putri anda. 4a1. Pendidikan Anak 4a2. Hubungan Orang Tua - Anak a00649/MKRI-P/V-2007 a03343/MKRI-P/III-2006